[Event "SK Gescher 1 - SK Königsspringer Nordwa"]
[Site "Verbandsliga 2021/2022"]
[Date "2021.11.13"]
[Round "2.8"]
[White "Gemsa, Michael"]
[Black "Sandmann, Guenter"]
[Result "1/2-1/2"]
[WhiteElo "1471"]
[BlackElo "1216"]
[PlyCount "87"]
[EventDate "2021.??.??"]
[SourceTitle "Verband Muensterland"]
[SourceDate "2021.10.03"]
[SourceVersion "1"]
[SourceVersionDate "2021.10.03"]
[SourceQuality "1"]
[WhiteTeam "SK Gescher 1"]
[BlackTeam "SK Königsspringer Nordwalde 1"]

1. c4 c5 2. g3 Nc6 3. Bg2 g6 4. Nc3 Bg7 5. e3 Nf6 6. Nge2 d6 7. h3 Bd7 8. O-O
Qc8 9. Kh2 O-O 10. d4 cxd4 11. exd4 a6 12. Be3 Rb8 13. d5 Nd8 14. Rc1 b6 15. b3
Qb7 16. Qd2 b5 17. c5 dxc5 18. d6 Bc6 19. Bxc6 Nxc6 20. dxe7 Nxe7 21. Bxc5 Rfd8
22. Qf4 Ned5 23. Nxd5 Nxd5 24. Qf3 Nf6 25. Qxb7 Rxb7 26. Be3 Rbd7 27. Rc6 Rd6
28. Rfc1 Rxc6 29. Rxc6 Ra8 30. Rb6 Nd5 31. Rd6 Nxe3 32. fxe3 b4 33. Kg2 a5 34.
Nd4 a4 35. Nc6 axb3 36. axb3 Bf8 37. Rd8 Rxd8 38. Nxd8 Kg7 39. e4 Be7 40. Nc6
Bc5 41. e5 g5 42. Kf3 Kg6 43. g4 h6 44. Ke4 1/2-1/2

[Event "SF Telgte 1 - Südlohner SV 2"]
[Site "Verbandsliga 2021/2022"]
[Date "2021.11.13"]
[Round "2.1"]
[White "Teloeken, Daniel"]
[Black "Pohl, Tim"]
[Result "1-0"]
[WhiteElo "1952"]
[BlackElo "1901"]
[PlyCount "83"]
[EventDate "2021.??.??"]
[SourceTitle "Verband Muensterland"]
[SourceDate "2021.10.03"]
[SourceVersion "1"]
[SourceVersionDate "2021.10.03"]
[SourceQuality "1"]
[WhiteTeam "Südlohner SV 2"]
[BlackTeam "SF Telgte 1"]

1. c4 e5 2. g3 Nc6 3. Bg2 f5 4. Nc3 Nf6 5. a3 Be7 6. b4 a5 7. b5 Nd4 8. e3 Ne6
9. Nge2 O-O 10. O-O f4 11. exf4 exf4 12. d4 Nh5 13. Qd3 fxg3 14. hxg3 Rb8 15.
Nd5 d6 16. Be3 b6 17. Nec3 Kh8 18. Be4 Nf6 19. Nxf6 Bxf6 20. Nd5 h6 21. Kg2 Bb7
22. Rae1 Ng5 23. Bxg5 Bxg5 24. f4 Bf6 25. Ne3 Bxe4+ 26. Qxe4 Qe8 27. Qd3 c5 28.
dxc5 dxc5 29. Nd5 Qd7 30. Re4 Rbe8 31. Rfe1 Rxe4 32. Qxe4 Qd6 33. a4 Rd8 34.
Qf5 Rb8 35. Re6 Qd8 36. Nxf6 gxf6 37. Rxf6 Rb7 38. Rf8+ Qxf8 39. Qxf8+ Kh7 40.
Qf5+ Kg7 41. Qe5+ Kf8 42. Qh8+ 1-0

[Event "SF Telgte 1 - Südlohner SV 2"]
[Site "Verbandsliga 2021/2022"]
[Date "2021.11.13"]
[Round "2.2"]
[White "Pohl, Detlev"]
[Black "Emming, Benedikt"]
[Result "1-0"]
[WhiteElo "1826"]
[BlackElo "1817"]
[PlyCount "77"]
[EventDate "2021.??.??"]
[SourceTitle "Verband Muensterland"]
[SourceDate "2021.10.03"]
[SourceVersion "1"]
[SourceVersionDate "2021.10.03"]
[SourceQuality "1"]
[WhiteTeam "SF Telgte 1"]
[BlackTeam "Südlohner SV 2"]

1. e4 c5 2. a3 Nc6 3. b4 d6 4. b5 Nb8 5. c4 e5 6. Nc3 Nf6 7. d3 Be7 8. Be2 a5
9. f4 exf4 10. Bxf4 b6 11. Nf3 Nbd7 12. O-O Bb7 13. h3 Qc7 14. Bh2 O-O-O 15.
Ne1 Ng8 16. Bg4 Bf6 17. Rc1 g6 18. Nf3 h5 19. Bxd7+ Qxd7 20. Na4 Qc7 21. Rc2
Kb8 22. Bf4 Re8 23. Re2 Be5 24. Bxe5 dxe5 25. Nc3 Ne7 26. Qe1 f6 27. Nh4 Qd6
28. Nd5 Nxd5 29. cxd5 Rhg8 30. Qg3 f5 31. Qg5 f4 32. Rc2 Kc7 33. Nf3 Qe7 34.
Qxe7+ Rxe7 35. Ng5 Kd6 36. g3 Bxd5 37. exd5 fxg3 38. Ne4+ Kxd5 39. Nf6+ 1-0

[Event "SF Telgte 1 - Südlohner SV 2"]
[Site "Verbandsliga 2021/2022"]
[Date "2021.11.13"]
[Round "2.3"]
[White "Sparwel, Oliver"]
[Black "Kuhlenbaeumer, Alfred"]
[Result "0-1"]
[WhiteElo "1923"]
[BlackElo "1831"]
[PlyCount "76"]
[EventDate "2021.??.??"]
[SourceTitle "Verband Muensterland"]
[SourceDate "2021.10.03"]
[SourceVersion "1"]
[SourceVersionDate "2021.10.03"]
[SourceQuality "1"]
[WhiteTeam "Südlohner SV 2"]
[BlackTeam "SF Telgte 1"]

1. d4 e6 2. c4 Nf6 3. Nf3 b6 4. Nc3 Bb7 5. e3 Be7 6. Be2 O-O 7. O-O Na6 8. a3
d5 9. cxd5 Nxd5 10. Qa4 Nb8 11. Ne5 f6 12. Nd3 Kh8 13. f4 Nxc3 14. bxc3 Bd6 15.
Bf3 Bxf3 16. Rxf3 Nd7 17. e4 c5 18. Be3 Qc7 19. Raf1 Rfe8 20. e5 Bf8 21. Rh3
Be7 22. Qd1 cxd4 23. Bxd4 f5 24. Qh5 Nf8 25. a4 Rad8 26. Nf2 Bc5 27. g4 g6 28.
Qh4 Bxd4 29. cxd4 Rxd4 30. gxf5 gxf5 31. Rg3 Qf7 32. Nh3 Ng6 33. Ng5 Qg7 34.
Qh5 Re7 35. Rc1 Rd8 36. Nxh7 Nxf4 37. Rxg7 Rxg7+ 38. Qg5 Nh3+ 0-1

[Event "SF Telgte 1 - Südlohner SV 2"]
[Site "Verbandsliga 2021/2022"]
[Date "2021.11.13"]
[Round "2.4"]
[White "Almohammad, Abbas"]
[Black "Schmeing, Walter"]
[Result "0-1"]
[WhiteElo "1700"]
[BlackElo "1959"]
[PlyCount "42"]
[EventDate "2021.??.??"]
[SourceTitle "Verband Muensterland"]
[SourceDate "2021.10.03"]
[SourceVersion "1"]
[SourceVersionDate "2021.10.03"]
[SourceQuality "1"]
[WhiteTeam "SF Telgte 1"]
[BlackTeam "Südlohner SV 2"]

1. e4 e5 2. f4 exf4 3. Nf3 h6 4. Bc4 d6 5. O-O Nf6 6. Nc3 Bg4 7. d4 g5 8. Qe1
Bxf3 9. Rxf3 Nc6 10. e5 dxe5 11. d5 Bc5+ 12. Be3 Bxe3+ 13. Rxe3 fxe3 14. dxc6
bxc6 15. Rd1 Qe7 16. Qxe3 Ng4 17. Bxf7+ Kf8 18. Qg3 Qc5+ 19. Kf1 Ne3+ 20. Ke1
Nxd1 21. Qf3 Qe3+ 0-1

[Event "SF Telgte 1 - Südlohner SV 2"]
[Site "Verbandsliga 2021/2022"]
[Date "2021.11.13"]
[Round "2.5"]
[White "Harbers, Gerard"]
[Black "Sandmann, Sebastian"]
[Result "1/2-1/2"]
[WhiteElo "1846"]
[BlackElo "1807"]
[PlyCount "70"]
[EventDate "2021.??.??"]
[SourceTitle "Verband Muensterland"]
[SourceDate "2021.10.03"]
[SourceVersion "1"]
[SourceVersionDate "2021.10.03"]
[SourceQuality "1"]
[WhiteTeam "Südlohner SV 2"]
[BlackTeam "SF Telgte 1"]

1. e4 e5 2. Nf3 Nc6 3. Bb5 a6 4. Ba4 Nf6 5. O-O Be7 6. Re1 b5 7. Bb3 O-O 8. a4
Bb7 9. c3 d5 10. axb5 axb5 11. Rxa8 Bxa8 12. d4 dxe4 13. Nxe5 Nxe5 14. dxe5
Qxd1 15. Bxd1 Nd7 16. Bf4 Nc5 17. Bc2 Rd8 18. Nd2 Nd3 19. Bxd3 exd3 20. e6 c5
21. exf7+ Kxf7 22. Rxe7+ Kxe7 23. Bg5+ Kd7 24. Bxd8 Kxd8 25. b3 Bd5 26. c4 bxc4
27. bxc4 Kd7 28. f3 Kd6 29. Kf2 Bxc4 30. Nxc4+ Kd5 31. Nb6+ Kd4 32. Ke1 c4 33.
Nxc4 Kxc4 34. Kd2 Kd4 35. g3 g5 1/2-1/2

[Event "SF Telgte 1 - Südlohner SV 2"]
[Site "Verbandsliga 2021/2022"]
[Date "2021.11.13"]
[Round "2.6"]
[White "Brettner, Simeon"]
[Black "Richters, Alfred"]
[Result "0-1"]
[WhiteElo "1767"]
[BlackElo "1823"]
[PlyCount "142"]
[EventDate "2021.??.??"]
[SourceTitle "Verband Muensterland"]
[SourceDate "2021.10.03"]
[SourceVersion "1"]
[SourceVersionDate "2021.10.03"]
[SourceQuality "1"]
[WhiteTeam "SF Telgte 1"]
[BlackTeam "Südlohner SV 2"]

1. e4 e6 2. d4 d5 3. Nd2 Nf6 4. e5 Nfd7 5. f4 c5 6. Ndf3 cxd4 7. Nxd4 a6 8.
Ngf3 Nc6 9. g3 Nxd4 10. Nxd4 g6 11. c3 Qb6 12. a3 Bg7 13. b4 O-O 14. c4 dxc4
15. Bxc4 Rd8 16. Rf1 Nxe5 17. fxe5 Qxd4 18. Bb2 Qxd1+ 19. Rxd1 Rxd1+ 20. Kxd1
b5 21. Bb3 Bb7 22. Ke2 Rd8 23. Rc1 Rd7 24. Ke3 Bh6+ 25. Ke2 Bxc1 26. Bxc1 Bd5
27. Bc2 Rc7 28. Kd2 Kg7 29. Bb2 g5 30. Bd4 Bc6 31. Ke3 Rd7 32. Bc3 h6 33. Bd4
Rd8 34. Bb6 Rd7 35. Bd4 Bd5 36. Bd3 Rc7 37. Bb2 Bc6 38. Bd4 Bd5 39. Bb2 Rc6 40.
Bb1 Rc8 41. Bd3 Bc6 42. Bd4 h5 43. Bb2 g4 44. Bd4 Rh8 45. Kf4 Kh6 46. Bc3 Rd8
47. Bc2 Bf3 48. Ke3 Kg5 49. Be1 Rd5 50. Bc3 h4 51. Bb3 Rd8 52. Be1 hxg3 53.
Bxg3 Rc8 54. Kd2 Be4 55. Bd1 Rd8+ 56. Kc1 Rd3 57. a4 bxa4 58. Bxa4 Rd4 59. Be8
Bg6 60. b5 axb5 61. Bxb5 Rd5 62. Ba4 Be4 63. Be8 Bg6 64. Ba4 Rd4 65. Bb3 Rd3
66. Ba4 Rxg3 67. hxg3 Kf5 68. Bc2+ Kxe5 69. Bxg6 fxg6 70. Kd1 Ke4 71. Ke2 e5
0-1

[Event "SF Telgte 1 - Südlohner SV 2"]
[Site "Verbandsliga 2021/2022"]
[Date "2021.11.13"]
[Round "2.7"]
[White "Wittek, Felix"]
[Black "Esser, Peter"]
[Result "0-1"]
[WhiteElo "1473"]
[BlackElo "1767"]
[PlyCount "74"]
[EventDate "2021.??.??"]
[SourceTitle "Verband Muensterland"]
[SourceDate "2021.10.03"]
[SourceVersion "1"]
[SourceVersionDate "2021.10.03"]
[SourceQuality "1"]
[WhiteTeam "Südlohner SV 2"]
[BlackTeam "SF Telgte 1"]

1. e4 c6 2. d4 d5 3. e5 Bf5 4. Nf3 e6 5. Bd3 Bxd3 6. Qxd3 c5 7. dxc5 Qa5+ 8.
Nc3 a6 9. Be3 Bxc5 10. Bxc5 Qxc5 11. Qd4 Nd7 12. Qxc5 Nxc5 13. b4 Nd7 14. b5
Rc8 15. Kd2 Ne7 16. bxa6 bxa6 17. Rab1 Nc6 18. Rhe1 Ke7 19. Na4 Rb8 20. c3
Ndxe5 21. Nxe5 Nxe5 22. Rb4 Nc4+ 23. Kd3 a5 24. Rb3 Rxb3 25. axb3 Nd6 26. Nc5
Rb8 27. Ra1 Rb5 28. b4 axb4 29. Ra7+ Kf6 30. Nd7+ Kf5 31. g4+ Kf4 32. cxb4 Rxb4
33. Nf8 Rb7 34. Ra4+ Nc4 35. Nxh7 Kxg4 36. Ra1 g6 37. Nf6+ Kf5 0-1

[Event "SF Telgte 1 - Südlohner SV 2"]
[Site "Verbandsliga 2021/2022"]
[Date "2021.11.13"]
[Round "2.8"]
[White "Schenke, Conrad"]
[Black "Musholt, Joachim"]
[Result "1/2-1/2"]
[WhiteElo "1654"]
[BlackElo "1678"]
[PlyCount "40"]
[EventDate "2021.??.??"]
[SourceTitle "Verband Muensterland"]
[SourceDate "2021.10.03"]
[SourceVersion "1"]
[SourceVersionDate "2021.10.03"]
[SourceQuality "1"]
[WhiteTeam "SF Telgte 1"]
[BlackTeam "Südlohner SV 2"]

1. e4 c5 2. Nc3 Nc6 3. Nf3 e5 4. Bc4 a6 5. a3 Be7 6. d3 d6 7. h3 h6 8. Bd2 Nf6
9. Nd5 Nxd5 10. Bxd5 Bf6 11. c3 Qe7 12. b4 O-O 13. O-O Nd8 14. Qb3 Ne6 15. Rab1
Nc7 16. c4 Nxd5 17. cxd5 b6 18. Nh2 g5 19. Qd1 Bg7 20. g4 Qf6 1/2-1/2

[Event "SF Beelen 1 - SC Rochade Emsdetten 2"]
[Site "Verbandsliga 2021/2022"]
[Date "2021.11.13"]
[Round "2.1"]
[White "Gerighausen, Karl Heinz"]
[Black "Hofene, Dieter"]
[Result "0-1"]
[WhiteElo "1724"]
[BlackElo "1983"]
[PlyCount "76"]
[EventDate "2021.??.??"]
[SourceTitle "Verband Muensterland"]
[SourceDate "2021.10.03"]
[SourceVersion "1"]
[SourceVersionDate "2021.10.03"]
[SourceQuality "1"]
[WhiteTeam "SC Rochade Emsdetten 2"]
[BlackTeam "SF Beelen 1"]

1. d4 Nf6 2. Bf4 e6 3. e3 b6 4. Nf3 Bb7 5. Bd3 Be7 6. h3 O-O 7. Qe2 c5 8. c3 d6
9. Nbd2 a6 10. a4 Nbd7 11. O-O Qc7 12. e4 e5 13. Bh2 Rfe8 14. dxe5 dxe5 15.
Rfd1 Bf8 16. Nf1 Qc6 17. N3d2 g6 18. Ne3 Bg7 19. f3 Bh6 20. Ndf1 Nh5 21. Nd5
Nf4 22. Bxf4 exf4 23. Qf2 c4 24. Bc2 g5 25. Nh2 Bf8 26. Ng4 h5 27. Nb4 Bxb4 28.
cxb4 hxg4 29. hxg4 Ne5 30. g3 Qf6 31. gxf4 Qxf4 32. Kg2 Rad8 33. a5 Ng6 34. Ba4
b5 35. Bc2 Nh4+ 36. Kf1 Nxf3 37. e5 Nd2+ 38. Ke2 Rxe5+ 0-1

[Event "SF Beelen 1 - SC Rochade Emsdetten 2"]
[Site "Verbandsliga 2021/2022"]
[Date "2021.11.13"]
[Round "2.2"]
[White "Hanewinkel, Winfried"]
[Black "Luecke, Thomas"]
[Result "1/2-1/2"]
[WhiteElo "1871"]
[BlackElo "1874"]
[PlyCount "51"]
[EventDate "2021.??.??"]
[SourceTitle "Verband Muensterland"]
[SourceDate "2021.10.03"]
[SourceVersion "1"]
[SourceVersionDate "2021.10.03"]
[SourceQuality "1"]
[WhiteTeam "SF Beelen 1"]
[BlackTeam "SC Rochade Emsdetten 2"]

1. d4 d5 2. c4 c6 3. Nc3 Nf6 4. Nf3 dxc4 5. a4 Bf5 6. e3 e6 7. Bxc4 Nbd7 8. Qb3
Qb6 9. O-O Qxb3 10. Bxb3 Bb4 11. Bd2 O-O 12. Rfe1 h6 13. Nb1 Bd6 14. Bc3 Ne4
15. Nbd2 Nb6 16. Rec1 Nd5 17. Nxe4 Bxe4 18. Nd2 Bd3 19. Bc2 Bxc2 20. Rxc2 Nb4
21. Bxb4 Bxb4 22. Nc4 Rad8 23. Kf1 Rd5 24. g3 Rfd8 25. Ke2 f6 26. Rac1 1/2-1/2

[Event "SF Beelen 1 - SC Rochade Emsdetten 2"]
[Site "Verbandsliga 2021/2022"]
[Date "2021.11.13"]
[Round "2.3"]
[White "Noering, Andreas"]
[Black "Hanewinkel, Martin"]
[Result "1/2-1/2"]
[WhiteElo "1797"]
[BlackElo "1851"]
[PlyCount "69"]
[EventDate "2021.??.??"]
[SourceTitle "Verband Muensterland"]
[SourceDate "2021.10.03"]
[SourceVersion "1"]
[SourceVersionDate "2021.10.03"]
[SourceQuality "1"]
[WhiteTeam "SC Rochade Emsdetten 2"]
[BlackTeam "SF Beelen 1"]

1. e4 c5 2. Nf3 e6 3. d4 cxd4 4. Nxd4 a6 5. Be3 Nf6 6. Nd2 Qc7 7. Be2 Nc6 8.
O-O d5 9. Nxc6 bxc6 10. exd5 cxd5 11. c4 Bd6 12. h3 Bb7 13. Rc1 Rc8 14. cxd5
Qxc1 15. Qxc1 Rxc1 16. Rxc1 Nxd5 17. Nc4 Bf4 18. Bxf4 Nxf4 19. Bf1 Ke7 20. Nb6
Nd5 21. Nxd5+ Bxd5 22. Rc7+ Kf6 23. b3 a5 24. Bc4 Rd8 25. f3 h5 26. Kf1 g5 27.
Ke2 Rd6 28. Bd3 a4 29. bxa4 Bxa2 30. a5 Bd5 31. a6 Rb6 32. Rc2 Rb4 33. a7 Ra4
34. Rc7 e5 35. Bc2 1/2-1/2

[Event "SF Beelen 1 - SC Rochade Emsdetten 2"]
[Site "Verbandsliga 2021/2022"]
[Date "2021.11.13"]
[Round "2.4"]
[White "Hanewinkel, Christian"]
[Black "Colmer, Willi"]
[Result "1-0"]
[WhiteElo "1756"]
[BlackElo "1775"]
[PlyCount "69"]
[EventDate "2021.??.??"]
[SourceTitle "Verband Muensterland"]
[SourceDate "2021.10.03"]
[SourceVersion "1"]
[SourceVersionDate "2021.10.03"]
[SourceQuality "1"]
[WhiteTeam "SF Beelen 1"]
[BlackTeam "SC Rochade Emsdetten 2"]

1. e4 c5 2. Nf3 g6 3. d4 Bg7 4. c3 Qa5 5. Bc4 cxd4 6. Nxd4 Nc6 7. Be3 Nf6 8.
O-O Nxe4 9. b4 Qd8 10. Ne2 O-O 11. f3 Nd6 12. Bb3 Nf5 13. Bf2 Nxb4 14. g4 Nh6
15. cxb4 Bxa1 16. Nbc3 Bxc3 17. Nxc3 e6 18. Qd2 g5 19. h4 f6 20. hxg5 fxg5 21.
Be3 Nf7 22. Ne4 d5 23. Nxg5 Nxg5 24. Bxg5 Qd6 25. Kg2 e5 26. Rh1 Be6 27. Rh6
Rae8 28. Bf6 Rf7 29. Bc2 Qd7 30. Qg5+ Rg7 31. Bxh7+ Kf8 32. Bg6 Rxg6 33. Qxg6
Bg8 34. Rh8 Qf7 35. Qh6+ 1-0

[Event "SF Beelen 1 - SC Rochade Emsdetten 2"]
[Site "Verbandsliga 2021/2022"]
[Date "2021.11.13"]
[Round "2.5"]
[White "Fehlings, Gerd"]
[Black "Austermann, Reinhold"]
[Result "1/2-1/2"]
[WhiteElo "1720"]
[BlackElo "1764"]
[PlyCount "94"]
[EventDate "2021.??.??"]
[SourceTitle "Verband Muensterland"]
[SourceDate "2021.10.03"]
[SourceVersion "1"]
[SourceVersionDate "2021.10.03"]
[SourceQuality "1"]
[WhiteTeam "SC Rochade Emsdetten 2"]
[BlackTeam "SF Beelen 1"]

1. d4 d5 2. c4 e6 3. g3 c6 4. Bg2 Bd6 5. Nh3 f5 6. O-O Nf6 7. Bf4 O-O 8. Nd2
Qe7 9. Bxd6 Qxd6 10. Nf3 Nbd7 11. Qc2 Ne4 12. cxd5 exd5 13. Nf4 Ndf6 14. Nd3
Be6 15. Nfe5 Nd7 16. Nxd7 Qxd7 17. Rac1 Qe7 18. f3 Nd6 19. b3 Bd7 20. Rfe1 Qe3+
21. Kh1 Qxd4 22. Nc5 Bc8 23. Rcd1 Qf6 24. e4 fxe4 25. fxe4 dxe4 26. Nxe4 Nxe4
27. Qxe4 Bf5 28. Qb4 Rab8 29. Qc4+ Qf7 30. Qc5 Be6 31. Rf1 Qc7 32. Qxa7 Rfe8
33. Qc5 Ra8 34. Rd2 Ra5 35. Qc3 Rh5 36. Rdf2 Qd6 37. Rd2 Bd5 38. Bxd5+ Rxd5 39.
Qc4 b5 40. Rxd5 Qxd5+ 41. Qxd5+ cxd5 42. Rd1 Re5 43. a4 bxa4 44. bxa4 Kf7 45.
Kg2 Re2+ 46. Kf3 Ra2 47. Rxd5 Rxa4 1/2-1/2

[Event "SF Beelen 1 - SC Rochade Emsdetten 2"]
[Site "Verbandsliga 2021/2022"]
[Date "2021.11.13"]
[Round "2.6"]
[White "Hofene, Josef"]
[Black "Hemmers, Dieter"]
[Result "1/2-1/2"]
[WhiteElo "1735"]
[BlackElo "1784"]
[PlyCount "27"]
[EventDate "2021.??.??"]
[SourceTitle "Verband Muensterland"]
[SourceDate "2021.10.03"]
[SourceVersion "1"]
[SourceVersionDate "2021.10.03"]
[SourceQuality "1"]
[WhiteTeam "SF Beelen 1"]
[BlackTeam "SC Rochade Emsdetten 2"]

1. e4 c5 2. Nf3 Nc6 3. c3 Nf6 4. e5 Nd5 5. d4 cxd4 6. cxd4 e6 7. Bc4 Nb6 8. Bb3
d6 9. O-O dxe5 10. dxe5 Qxd1 11. Rxd1 Be7 12. Nc3 O-O 13. Bf4 Nd7 14. Ne4
1/2-1/2

[Event "SF Beelen 1 - SC Rochade Emsdetten 2"]
[Site "Verbandsliga 2021/2022"]
[Date "2021.11.13"]
[Round "2.7"]
[White "Schulte, Ralf"]
[Black "Beckmann, Frank"]
[Result "1/2-1/2"]
[WhiteElo "1770"]
[BlackElo "1738"]
[PlyCount "33"]
[EventDate "2021.??.??"]
[SourceTitle "Verband Muensterland"]
[SourceDate "2021.10.03"]
[SourceVersion "1"]
[SourceVersionDate "2021.10.03"]
[SourceQuality "1"]
[WhiteTeam "SC Rochade Emsdetten 2"]
[BlackTeam "SF Beelen 1"]

1. d4 d5 2. Nf3 Nf6 3. c4 e6 4. Nc3 b6 5. Bg5 Bb7 6. cxd5 exd5 7. e3 Nbd7 8.
Bd3 Be7 9. O-O O-O 10. Rc1 Rc8 11. h3 c5 12. Bf4 a6 13. a4 Ne4 14. Be2 Ndf6 15.
Ne5 Re8 16. Re1 c4 17. Qc2 1/2-1/2

[Event "SF Beelen 1 - SC Rochade Emsdetten 2"]
[Site "Verbandsliga 2021/2022"]
[Date "2021.11.13"]
[Round "2.8"]
[White "Fartmann, Franz Josef"]
[Black "Bahr, Maximilian"]
[Result "0-1"]
[WhiteElo "1814"]
[BlackElo "1739"]
[PlyCount "54"]
[EventDate "2021.??.??"]
[SourceTitle "Verband Muensterland"]
[SourceDate "2021.10.03"]
[SourceVersion "1"]
[SourceVersionDate "2021.10.03"]
[SourceQuality "1"]
[WhiteTeam "SF Beelen 1"]
[BlackTeam "SC Rochade Emsdetten 2"]

1. Nf3 e6 2. g3 d5 3. Bg2 c6 4. O-O Bd6 5. d3 Nf6 6. Nbd2 Nbd7 7. a3 Qc7 8. c4
O-O 9. b4 b6 10. Bb2 Bb7 11. Rc1 Rfe8 12. e3 Rac8 13. Nd4 Qb8 14. cxd5 exd5 15.
Nf5 Bf8 16. Bh3 Rc7 17. Nf3 c5 18. bxc5 bxc5 19. Rb1 Qd8 20. Qa4 d4 21. e4 Nxe4
22. dxe4 Bxe4 23. N3xd4 Nb6 24. Qb5 Bxb1 25. Rxb1 cxd4 26. Bxd4 Nc4 27. Bf1
Nxa3 0-1